Pixelated Famous Paintings 🎨 - Statistics

General Stats
  • This quiz has been taken 52 times
  • The average score is 6 of 16
Answer Stats
Picture Answer % Correct
The Starry Night (van Gogh)
96%
Girl with a Pearl Earring (Vermeer)
66%
The Kiss (Klimt)
53%
The Great Wave off Kanagawa (Hokusai)
49%
American Gothic (Wood)
47%
Guernica (Picasso)
38%
The Birth of Venus (Botticelli)
38%
The Night Watch (Rembrandt)
32%
The Persistence of Memory (Dali)
26%
A Sunday Afternoon On The Island Of La Grande Jatte (Seurat)
23%
The Scream (Munch)
23%
Impression, Sunrise (Monet)
21%
The Garden of Earthly Delights (Bosch)
13%
The Swing (Fragonard)
13%
Salvator Mundi (DaVinci)
9%
The Card Players (Cézanne)
9%
No matching quizzes found
Score Distribution
Percent of People with Each Score
Percentile by Number Answered
Your Score History
You have not taken this quiz